| 000 | 00681cam a2200193 a 4500 | ||
|---|---|---|---|
| 001 | 000008787 | ||
| 005 | 20200929161417.0 | ||
| 008 | 980514s1997 ec a 000 f spa | ||
| 040 |
_aDO-SdBNP _cDLC |
||
| 082 |
_aE863.44 _bB423m |
||
| 100 | 1 |
_aBéjar Portilla, Carlos, _d1938- _923330 |
|
| 245 | 1 | 0 |
_aMar abierto : _bnovela / _cCarlos Béjar Portilla. |
| 260 |
_aQuito, (Ecuador) : _bEskeletra, _cc1997. |
||
| 300 |
_a204 p. : _bil. ; _c20 cm. |
||
| 586 | _aPrimer premio concurso nacional de novela "Ismael Pérez Pazmiño, Diario Universo, 1996. | ||
| 650 | 4 |
_aNovela ecuatoriana _95017 |
|
| 650 | 4 |
_aLiteratura ecuatoriana _ySIGLO XX _914420 |
|
| 910 | _aCatalogación por copia / LC | ||
| 999 |
_c8556 _d8556 |
||